Missing Word: Pioneering American Women Quiz Stats

 Plays Quiz Updated Mar 25, 2018

Challenge
Share
Tweet
Embed
Score 0/15 Timer 05:00
0 Plays Today
Fill in the blank Answers - In Alphabetical Order % Correct
Arabella Mansfield became the first female ____ in the U.S. when she passed the Iowa bar exam.Lawyer
93.7%
Dr. Mary Edwards Walker was the first (and is still the only) woman to receive the Medal of ____.Honor
93%
Belva Lockwood was the first woman to argue a case before the ____ Court.Supreme
92.4%
Upon her appointment to the LAPD, Alice Stebbins Wells became the first American woman to serve as a ____ officer. Police
90.9%
Ellen Swallow Richards became the first woman to be admitted to the prestigious Massachusetts Institute of ____. Technology
89.5%
Nellie Tayloe Ross became the first woman to lead a state when she was elected ____ of Wyoming.Governor
89.2%
Lydia Taft was the first woman who was legally allowed to ____.Vote
87.1%
Antoinette Brown Blackwell was ordained by the Congregational Church of South Butler, New York, becoming the first American female ____.Minister
84.9%
Fill in the blank Answers - In Alphabetical Order % Correct
Jeannette Rankin was the first woman to be elected to ____.Congress
82.8%
Effa Manley, co-owner of the Negro League's Newark Eagles, was the first woman to be elected to the ____ Hall of Fame.Baseball
82.6%
Frances Perkins became the first female Cabinet member when she was appointed ____ of Labor.Secretary
81.8%
Mona Van Duyn became the first female United States ____ Laureate. Poet
77.7%
Victoria Woodhull was the first woman to run for the office of the ____.Presidency
77.3%
Kathryn D. Sullivan became the first American woman to walk in space, during a mission on the Space Shuttle '____'.Challenger
64.3%
Carla Hayden is the first woman, and first African-American, to be confirmed as ____ of Congress.Librarian
25%

Today's Daily Dose

Word Ladder
Bruno Mars Song

Get the Picture
Japanese Cars

You're not logged in!

Compare scores with friends on all Sporcle quizzes.
OR
Log In

You Might Also Like...

Show Comments

Extras

Top Quizzes Today


Score Distribution

Your Account Isn't Verified!

In order to create a playlist on Sporcle, you need to verify the email address you used during registration. Go to your Sporcle Settings to finish the process.

Report this User

Report this user for behavior that violates our Community Guidelines.

Details: